Knieža Strieborný (Record no. 20645)
[ view plain ]
| 000 -LEADER | |
|---|---|
| fixed length control field | 01673cam a2200469 a 4500 |
| 001 - CONTROL NUMBER | |
| control field | 20645 |
| 003 - CONTROL NUMBER IDENTIFIER | |
| control field | VRT |
| 005 - DATE AND TIME OF LATEST TRANSACTION | |
| control field | 20260128143037.0 |
| 008 - FIXED-LENGTH DATA ELEMENTS--GENERAL INFORMATION | |
| fixed length control field | 240226s1978 xo gr 000 f slo |
| 015 ## - NATIONAL BIBLIOGRAPHY NUMBER | |
| National bibliography number | SNBA1978 |
| 020 ## - INTERNATIONAL STANDARD BOOK NUMBER | |
| Qualifying information | (viazané) |
| 035 ## - SYSTEM CONTROL NUMBER | |
| System control number | SNK000055761 |
| 035 ## - SYSTEM CONTROL NUMBER | |
| System control number | 0E1CB3FC-EE88-4124-A33F-C29B3970C5C4 |
| 035 ## - SYSTEM CONTROL NUMBER | |
| System control number | urn:nbn:sk:snk-am00ij48 |
| 039 #9 - LEVEL OF BIBLIOGRAPHIC CONTROL AND CODING DETAIL [OBSOLETE] | |
| Level of rules in bibliographic description | 202402261706 |
| Level of effort used to assign nonsubject heading access points | VLOAD |
| Level of effort used to assign subject headings | 202305011820 |
| Level of effort used to assign classification | VLOAD |
| Level of effort used to assign subject headings | 202304281421 |
| Level of effort used to assign classification | VLOAD |
| Level of effort used to assign subject headings | 202304281056 |
| Level of effort used to assign classification | VLOAD |
| 040 ## - CATALOGING SOURCE | |
| Original cataloging agency | SNK |
| Language of cataloging | slo |
| Transcribing agency | SNK |
| Description conventions | AACR2 |
| 041 1# - LANGUAGE CODE | |
| Language code of text/sound track or separate title | slo |
| Language code of original | rus |
| 044 ## - COUNTRY OF PUBLISHING/PRODUCING ENTITY CODE | |
| MARC country code | xo |
| ISO country code | SK |
| 072 #7 - SUBJECT CATEGORY CODE | |
| Subject category code | 821.161.1 |
| Subject category code subdivision | Ruská literatúra |
| Source | konspekt |
| 080 ## - UNIVERSAL DECIMAL CLASSIFICATION NUMBER | |
| Universal Decimal Classification number | 821.161.1-31 |
| Edition identifier | 2011 |
| 080 ## - UNIVERSAL DECIMAL CLASSIFICATION NUMBER | |
| Universal Decimal Classification number | (0:82-311.6) |
| Edition identifier | 2011 |
| 100 1# - MAIN ENTRY--PERSONAL NAME | |
| Personal name | Tolstoj, Aleksej Konstantinovič, |
| Dates associated with a name | 1817-1875 |
| Relationship | aut |
| 240 10 - UNIFORM TITLE | |
| Uniform title | Kňaz Serebrianyj |
| Language of a work | Slovensky |
| 245 10 - TITLE STATEMENT | |
| Title | Knieža Strieborný |
| Statement of responsibility, etc. | A.K. Tolstoj ; [z ruského originálu Kňaz Serebrianyj ... preložil Karol Podolinský] |
| 250 ## - EDITION STATEMENT | |
| Edition statement | 3. vyd. |
| 260 ## - PUBLICATION, DISTRIBUTION, ETC. | |
| Place of publication, distribution, etc. | Bratislava |
| Name of publisher, distributor, etc. | Tatran |
| Date of publication, distribution, etc. | 1978 |
| Place of manufacture | Banská Bystrica |
| Manufacturer | Tlačiarne SNP |
| 300 ## - PHYSICAL DESCRIPTION | |
| Extent | 354 strán |
| Dimensions | 21 cm |
| 366 ## - TRADE AVAILABILITY INFORMATION | |
| Note | 10000 výtl. |
| 490 1# - SERIES STATEMENT | |
| Series statement | Meteor |
| Volume/sequential designation | zv. 78. |
| 600 07 - SUBJECT ADDED ENTRY--PERSONAL NAME | |
| Personal name | Ivan |
| Numeration | IV., |
| Titles and other words associated with a name | ruský cár, |
| Dates associated with a name | 1530-1584 |
| Source of heading or term | SNKMA |
| 655 #7 - INDEX TERM--GENRE/FORM | |
| Genre/form data or focus term | ruské romány |
| Source of term | SNKPH |
| 655 #7 - INDEX TERM--GENRE/FORM | |
| Genre/form data or focus term | historické romány |
| Source of term | SNKPH |
| 700 1# - ADDED ENTRY--PERSONAL NAME | |
| Personal name | Podolinský, Karol, |
| Dates associated with a name | 1903-1998 |
| Relationship | trl |
| 830 #0 - SERIES ADDED ENTRY--UNIFORM TITLE | |
| Uniform title | Meteor |
| 910 ## - USER-OPTION DATA (OCLC) | |
| User-option data | snk |
| 942 ## - ADDED ENTRY ELEMENTS (KOHA) | |
| Source of classification or shelving scheme | Dewey Decimal Classification |
| Koha item type | Krásna literatúra pre dospelých |
| Suppress in OPAC | No |
| 949 ## - LOCAL PROCESSING INFORMATION (OCLC) | |
| 6 | 273K0283790 |
| a | svkpoA 110492 |
| b | svkpo254718 |
| 949 ## - LOCAL PROCESSING INFORMATION (OCLC) | |
| 6 | 17A0341824 |
| 9 | P60, <04>, [BOOK], {605} |
| a | snkSC 44638 D1 |
| b | snkKSP 4715/78 |
| 949 ## - LOCAL PROCESSING INFORMATION (OCLC) | |
| 6 | 270001000507350 |
| a | svkbbA 14269 |
| b | svkbbm 338489 |
| 949 ## - LOCAL PROCESSING INFORMATION (OCLC) | |
| 6 | 17A0779379 |
| a | snkSC 44638 |
| b | snkKSP 4714/78 |
| s | 6100:20220503 |
| Stav vyradenia | Strata | Poškodenie | Spôsob nadobudnutia | Domovská knižnica | Aktuálna knižnica | Dátum nadobudnutia | Total checkouts | Čiarový kód exemplára | Date last seen | Typ exemplára |
|---|---|---|---|---|---|---|---|---|---|---|
| Dar | Obecná knižnica Horná Štubňa | Obecná knižnica Horná Štubňa | 28.01.2026 | 4736200786 | 28.01.2026 | Krásna literatúra pre dospelých |
